| 000 | 00739cab a22002175a 4500 | ||
|---|---|---|---|
| 001 | L157525 | ||
| 008 | 130109e20131301xxk 000 0 eng d | ||
| 035 | _a(Sirsi) u157525 | ||
| 041 | 0 | _aeng | |
| 100 | 1 | _aRoberts, Einar | |
| 245 | 0 | 0 | _aDetermining discount |
| 260 | _c2013 | ||
| 490 |
_aEstates Gazette _v(1301) 5 January 2013, 44-45(2) |
||
| 520 | _aExplains how determent rates should be calculated following a recent Court of Appeal decision, "Carey-Morgan v Trustees of Sloane Stanley Estate" ([2012] EWCA Civ 1181) | ||
| 590 | _aKA | ||
| 650 | 2 | 4 | _aCarey-Morgan v Trustees of Sloane Stanley Estate |
| 651 | 4 |
_aEngland and Wales _y1543- |
|
| 690 |
_aResidential property _96266 |
||
| 700 | 1 | _aCharnock, Stephen | |
| 942 | _n0 | ||
| 999 |
_c84407 _d84407 |
||